Normal view
MARC view
Entry Personal Name
001 - CONTROL NUMBER
- control field: 17997
003 - CONTROL NUMBER IDENTIFIER
- control field: ARRUPE
005 - DATE AND TIME OF LATEST TRANSACTION
- control field: 20150713135945.0
008 - FIXED-LENGTH DATA ELEMENTS
- fixed length control field: 150713|| aca||aabn | a|a d
040 ## - CATALOGING SOURCE
- Original cataloging agency: ARRUPE
- Transcribing agency: ARRUPE
100 ## - HEADING--PERSONAL NAME
- Personal name: Hugh,
- Titles and other words associated with a name: of Saint-Victor,
- Dates associated with a name: 1096?-1141.
- Title of a work: Didascalicon.
670 ## - SOURCE DATA FOUND
- Source citation: Work cat.: (ARRUPE)0: Illich, Ivan, 1926-2002. 3524, In the vineyard of the text :, 1993.